[Event "USCL San Francisco vs Miami"]
[Site "Internet Chess Club"]
[Date "2006.11.01"]
[Round "10"]
[White "Pinto, Marc"]
[Black "Espino, Miguel"]
[Result "0-1"]
[WhiteElo "2217"]
[BlackElo "2279"]
[PlyCount "70"]
[EventDate "2006.??.??"]

1. e4 c5 2. Nf3 e6 3. d4 cxd4 4. Nxd4 Nf6 5. Nc3 Nc6 6. Nxc6 bxc6 7. e5 Nd5 8.
Ne4 Qc7 9. f4 Qb6 10. c4 Bb4+ 11. Ke2 Ba6 12. Kf3 f5 13. exf6 Nxf6 14. c5 Bxc5
15. Nxc5 Bxf1 16. Na4 Bxg2+ 17. Kxg2 Qc7 18. Nc3 O-O 19. Re1 Rae8 20. Be3 c5
21. Rc1 d6 22. Kg1 Qc6 23. Qa4 Qf3 24. Qd1 Qc6 25. Qa4 Qf3 26. Qd1 Qh3 27. Rc2
Ng4 28. Bc1 Rf6 29. Rg2 Rg6 30. f5 Ne3 31. Rxg6 Nxd1 32. Rg3 Qxf5 33. Rf1 Nxc3
34. bxc3 Qd5 35. Bh6 Re7 0-1

[Event "USCL San Francisco vs Miami"]
[Site "Internet Chess Club"]
[Date "2006.11.01"]
[Round "10"]
[White "Barredo, Luis"]
[Black "Shankland, Sam"]
[Result "0-1"]
[WhiteElo "2160"]
[BlackElo "2161"]
[PlyCount "78"]
[EventDate "2006.??.??"]

1. d4 f5 2. Nc3 Nf6 3. Bg5 d5 4. Bxf6 exf6 5. e3 c6 6. Bd3 Bd6 7. Qf3 g6 8.
Nge2 Nd7 9. Nf4 Qe7 10. O-O-O O-O 11. h4 Qf7 12. Rdg1 Nb6 13. Qd1 Nc4 14. Bxc4
dxc4 15. Qf3 Bd7 16. g3 b5 17. h5 g5 18. h6 Kh8 19. Nh5 a5 20. Ng7 g4 21. Qd1
a4 22. a3 b4 23. axb4 Bxb4 24. Nb1 c3 25. bxc3 a3 26. Nxa3 Bxc3 27. Nb1 Ra1 28.
Qd3 Rb8 29. Qxc3 Rbxb1+ 30. Kd2 Rxg1 31. Rxg1 Rxg1 32. Qa5 Qf8 33. e4 fxe4 34.
Ke3 Rh1 35. Nh5 c5 36. Nf4 cxd4+ 37. Kxd4 Qd6+ 38. Ke3 Be8 39. c4 Qd1 0-1

[Event "USCL Dallas vs Seattle"]
[Site "Internet Chess Club"]
[Date "2006.11.01"]
[Round "10"]
[White "Zaremba, Andrei"]
[Black "Milat, Marcel"]
[Result "1-0"]
[WhiteElo "2367"]
[BlackElo "2354"]
[PlyCount "75"]
[EventDate "2006.??.??"]

1. d4 Nf6 2. Nf3 g6 3. c4 Bg7 4. g3 O-O 5. Bg2 d6 6. Nc3 c6 7. O-O Qa5 8. Nd2
Qh5 9. e4 Qxd1 10. Rxd1 Na6 11. Nb3 Be6 12. d5 Bg4 13. f3 Bd7 14. Be3 c5 15.
Bf1 Rfc8 16. Rab1 Be8 17. Bh3 Bd7 18. Bxd7 Nxd7 19. f4 b6 20. Nc1 Nc7 21. N1e2
Rab8 22. a4 a6 23. b4 cxb4 24. Rxb4 a5 25. Rb3 Na6 26. Rdb1 Rxc4 27. Bxb6 Rb4
28. Rxb4 axb4 29. Ba7 Bxc3 30. Bxb8 Ndxb8 31. Nxc3 bxc3 32. Rc1 Nd7 33. Rxc3
Ndc5 34. Rc4 f5 35. e5 Nc7 36. exd6 exd6 37. Rxc5 dxc5 38. d6 1-0

[Event "USCL Dallas vs Seattle"]
[Site "Internet Chess Club"]
[Date "2006.11.01"]
[Round "10"]
[White "Koons, Nat"]
[Black "Kiewra, Keaton"]
[Result "1-0"]
[WhiteElo "2258"]
[BlackElo "2282"]
[PlyCount "65"]
[EventDate "2006.??.??"]

1. e4 c5 2. Nf3 d6 3. Bb5+ Nd7 4. O-O Ngf6 5. Qe2 a6 6. Bxd7+ Bxd7 7. e5 dxe5
8. Nxe5 e6 9. b3 Be7 10. Bb2 Qc7 11. d3 Bc8 12. Nd2 b5 13. f4 O-O 14. Rf3 Bb7
15. Rh3 Rfd8 16. Rf1 g6 17. Ndf3 c4 18. bxc4 bxc4 19. Nxc4 Bd5 20. Nfe5 Rab8
21. Ba1 Bc5+ 22. Kh1 Ne8 23. Ne3 Bxa2 24. c4 Bb1 25. N3g4 Bf8 26. Nxg6 fxg6 27.
Qxe6+ Qf7 28. Qe5 Qf5 29. Qh8+ Kf7 30. Rxh7+ Ke6 31. Re1+ Kd6 32. Qd4+ Kc6 33.
Ne5+ 1-0

[Event "USCL New York vs Carolina"]
[Site "Internet Chess Club"]
[Date "2006.11.08"]
[Round "11"]
[White "Hess, Robert"]
[Black "Zaikov, Oleg"]
[Result "1-0"]
[WhiteElo "2422"]
[BlackElo "2331"]
[PlyCount "89"]
[EventDate "2006.??.??"]

1. e4 c5 2. Nc3 e6 3. g3 d5 4. exd5 exd5 5. Bg2 Nf6 6. d3 d4 7. Ne4 Nxe4 8.
Bxe4 Bd6 9. Ne2 Nc6 10. Nf4 Ne5 11. h3 O-O 12. Bd2 Re8 13. Kf1 Bd7 14. Kg2 c4
15. Re1 Bc6 16. Kh2 Qf6 17. Bxc6 bxc6 18. Kg2 Rab8 19. Rb1 Qf5 20. Qe2 Re7 21.
Qe4 Qxe4+ 22. Rxe4 f5 23. Ree1 Reb7 24. b3 Kf7 25. Rbd1 g5 26. Ne2 cxd3 27.
Nxd4 dxc2 28. Nxc2 Nd3 29. Re2 Re7 30. Be3 f4 31. Rxd3 Bc7 32. Nd4 Rd8 33. gxf4
c5 34. Nc6 Rxd3 35. Nxe7 gxf4 36. Rd2 Rxd2 37. Bxd2 Kxe7 38. Kf3 Ke6 39. Bxf4
Bd8 40. Ke4 Bf6 41. Be3 Kd6 42. f4 a6 43. f5 Kc6 44. Bf4 Bg7 45. h4 1-0

[Event "USCL New York vs Carolina"]
[Site "Internet Chess Club"]
[Date "2006.11.08"]
[Round "11"]
[White "Jones, Craig"]
[Black "Herman, Matt"]
[Result "0-1"]
[WhiteElo "2294"]
[BlackElo "2172"]
[PlyCount "104"]
[EventDate "2006.??.??"]

1. d4 c5 2. d5 e5 3. Nc3 d6 4. e4 Nd7 5. Be2 g6 6. h4 h5 7. Bg5 Ngf6 8. Qd2 a6
9. a4 b6 10. Nh3 Qc7 11. f3 Bg7 12. Be3 Nh7 13. Bh6 Bf6 14. g3 Qd8 15. b3 Qe7
16. O-O-O Bb7 17. Kb2 Kd8 18. Be3 Kc7 19. Rdf1 Rhe8 20. Bc4 Bc8 21. Qe2 Rf8 22.
Nf2 Bh8 23. Bh6 Re8 24. Ra1 f5 25. Bd2 Rf8 26. a5 b5 27. Bxb5 axb5 28. Qxb5 Ra6
29. Nd3 Bb7 30. Qc4 Rfa8 31. Ra4 Kd8 32. Rha1 Nhf6 33. b4 cxb4 34. Rxb4 Rc8 35.
Qb5 Rc7 36. Be3 Nc5 37. Bxc5 dxc5 38. Rc4 Nd7 39. Na4 Ra8 40. Naxc5 Bxd5 41.
exd5 Rb8 42. Ne6+ Qxe6 43. Qxb8+ Nxb8 44. Rxc7 e4+ 45. c3 Qxd5 46. Rh7 Qb5+ 47.
Kc1 exd3 48. Rxh8+ Kc7 49. Rh7+ Kd6 50. Rh6 Qb3 51. Rxg6+ Ke5 52. f4+ Ke4 0-1

[Event "USCL Dallas vs Seattle"]
[Site "Internet Chess Club"]
[Date "2006.11.08"]
[Round "11"]
[White "Mikhailuk, Slava"]
[Black "Kuljasevic, Davorin"]
[Result "1-0"]
[WhiteElo "2433"]
[BlackElo "2477"]
[PlyCount "177"]
[EventDate "2006.??.??"]

1. c4 e5 2. Nc3 Nf6 3. Nf3 Nc6 4. g3 Bb4 5. Bg2 O-O 6. O-O e4 7. Ne1 Bxc3 8.
dxc3 h6 9. Nc2 d6 10. Ne3 Re8 11. Qc2 Re5 12. Bd2 Ne7 13. f4 exf3 14. exf3 Nf5
15. Rae1 c6 16. f4 Nxe3 17. Bxe3 Bf5 18. Qd1 Re6 19. Bd4 Qe7 20. Rxe6 Qxe6 21.
Re1 Qxc4 22. Bxf6 gxf6 23. Qxd6 Kg7 24. a3 Qb5 25. Qd2 Qb6+ 26. Qf2 Rd8 27.
Qxb6 axb6 28. Bf3 Rd2 29. Re2 Rxe2 30. Bxe2 Be6 31. Kf2 f5 32. Ke3 Kf6 33. Kd4
c5+ 34. Ke3 Bd5 35. b4 Ke6 36. Bd3 Kf6 37. Bc2 Ke6 38. Ba4 Kd6 39. Bb5 Bb3 40.
Be2 Bd5 41. Bf1 Ke6 42. Kd3 Kd6 43. Bh3 Ke6 44. Ke3 Kf6 45. Bf1 Ke6 46. Be2 Kd6
47. Bf1 Ke6 48. h3 Kf6 49. Bd3 Bg2 50. Bc4 Ke7 51. h4 f6 52. Be2 Bd5 53. g4
fxg4 54. Bxg4 Kd6 55. Bf5 Bf7 56. Be4 Bd5 57. Kd3 Ke6 58. Bg6 Kd6 59. Bf5 Bf7
60. Be4 Bd5 61. c4 Bxe4+ 62. Kxe4 Ke6 63. f5+ Kd6 64. b5 h5 65. a4 Kd7 66. Kd5
Ke7 67. a5 bxa5 68. Kxc5 Kd7 69. Kb6 a4 70. Kxb7 Kd6 71. b6 a3 72. Kc8 a2 73.
b7 a1=Q 74. b8=Q+ Kc5 75. Qb5+ Kd4 76. Qd5+ Kc3 77. c5 Qa6+ 78. Kd7 Qa7+ 79.
Ke6 Qg7 80. Qd7 Qg8+ 81. Kxf6 Qf8+ 82. Kg6 Qxc5 83. f6 Qg1+ 84. Kxh5 Qg3 85. f7
Qf3+ 86. Kg5 Qg3+ 87. Qg4 Qe5+ 88. Qf5 Qg7+ 89. Kh5 1-0

[Event "USCL Dallas vs Seattle"]
[Site "Internet Chess Club"]
[Date "2006.11.08"]
[Round "11"]
[White "Schneider, Igor"]
[Black "Readey, John"]
[Result "0-1"]
[WhiteElo "2387"]
[BlackElo "2326"]
[PlyCount "124"]
[EventDate "2006.??.??"]

1. e4 d6 2. d4 Nf6 3. Nc3 g6 4. h3 Bg7 5. Be3 a6 6. g4 h5 7. g5 Nfd7 8. Bg2 c5
9. Nge2 Nc6 10. d5 Na5 11. O-O b5 12. f4 Nc4 13. Bc1 b4 14. Na4 a5 15. c3 Ba6
16. Rb1 Ncb6 17. Nxb6 Qxb6 18. Be3 Rb8 19. cxb4 axb4 20. Rf2 b3 21. a3 Qa5 22.
e5 dxe5 23. f5 gxf5 24. Rxf5 Qb5 25. Ng3 Qd3 26. Qe1 h4 27. Rd1 Qb5 28. Ne4 Qe2
29. Qxe2 Bxe2 30. Rd2 Bh5 31. Nxc5 Nxc5 32. Bxc5 Rc8 33. Bb4 Bg6 34. Rf3 Bc2
35. Bc3 Rh5 36. Re3 Rxg5 37. Kh2 Bh6 38. Rde2 f6 39. Bh1 Rg8 40. Bf3 Bf4+ 41.
Kh1 Bd1 42. Re1 Rg3 43. Bxd1 Bxe3 44. Bg4 Rxc3 45. bxc3 Bd2 46. Rb1 Rxc3 47.
Bd1 Rxh3+ 48. Kg2 Rg3+ 49. Kf2 Be3+ 50. Ke2 h3 51. Bxb3 Bg1 52. Ba4+ Kf7 53.
Rb8 Rxa3 54. Bd7 h2 55. Rh8 Kg7 56. Rh5 Be3 57. Bf5 Bh6 58. Kf2 Ra4 59. Be6
Ra2+ 60. Kf3 Kg6 61. Rh4 Bf4 62. Rg4+ Bg5 0-1

[Event "USCL Boston vs New York"]
[Site "Internet Chess Club"]
[Date "2006.11.15"]
[Round "12"]
[White "Riordan, Charles"]
[Black "Hess, Robert"]
[Result "1/2-1/2"]
[WhiteElo "2330"]
[BlackElo "2422"]
[PlyCount "72"]
[EventDate "2006.??.??"]

1. e4 e5 2. Nf3 Nc6 3. Bb5 a6 4. Ba4 d6 5. d4 Bd7 6. c4 Nge7 7. Nc3 Ng6 8. Be3
Be7 9. d5 Nb8 10. Bc2 h6 11. Qd2 Bg4 12. Ba4+ Bd7 13. Bc2 c5 14. dxc6 bxc6 15.
c5 dxc5 16. Na4 Bg4 17. Qxd8+ Bxd8 18. Nxc5 Ba5+ 19. Nd2 Nf4 20. O-O Ne2+ 21.
Kh1 Nd4 22. Bd3 Bb4 23. Rac1 Ke7 24. f3 Bc8 25. Ndb3 Nxb3 26. Nxb3 a5 27. Rfd1
f6 28. Bc4 Nd7 29. Bf1 a4 30. Nd2 a3 31. b3 Bb7 32. Nc4 Rhd8 33. Kg1 Ba6 34.
Nb6 Nxb6 35. Rxd8 Kxd8 36. Bxb6+ Kd7 1/2-1/2

[Event "USCL Boston vs New York"]
[Site "Internet Chess Club"]
[Date "2006.11.15"]
[Round "12"]
[White "Herman, Matt"]
[Black "Krasik, Ilya"]
[Result "1-0"]
[WhiteElo "2172"]
[BlackElo "2202"]
[PlyCount "68"]
[EventDate "2006.??.??"]

1. e4 c5 2. Nf3 e6 3. d4 cxd4 4. Nxd4 a6 5. Nc3 Qc7 6. g3 Bb4 7. Bd2 Nc6 8. a3
Be7 9. Be3 Nf6 10. f4 d6 11. Bg2 Bd7 12. O-O Nxd4 13. Bxd4 e5 14. Be3 O-O 15.
f5 Rfd8 16. g4 d5 17. g5 Bc5 18. gxf6 Bxe3+ 19. Kh1 Bb5 20. Qg4 Bh6 21. Rf3 Qb6
22. Rg3 Qxf6 23. exd5 Bd7 24. Rf1 e4 25. Nxe4 Qxb2 26. c3 Kh8 27. Qh4 Re8 28.
f6 Rxe4 29. Bxe4 Qe2 30. fxg7+ Kg8 31. Bxh7+ Kxh7 32. g8=Q+ Rxg8 33. Rxf7+ Rg7
34. Rgxg7+ Kh8 1-0

[Event "USCL San Francisco vs Seattle"]
[Site "Internet Chess Club"]
[Date "2006.11.15"]
[Round "12"]
[White "Pruess, David"]
[Black "Milat, Marcel"]
[Result "1/2-1/2"]
[WhiteElo "2453"]
[BlackElo "2354"]
[PlyCount "82"]
[EventDate "2006.??.??"]

1. e4 c5 2. Nf3 Nc6 3. d4 cxd4 4. Nxd4 g6 5. Nc3 Bg7 6. Be3 Nf6 7. Bc4 O-O 8.
Bb3 a5 9. a4 Ng4 10. Qxg4 Nxd4 11. Qh4 Nxb3 12. cxb3 Ra6 13. O-O Re6 14. Rad1
b6 15. Bh6 Bxh6 16. Qxh6 f5 17. Rfe1 Bb7 18. exf5 Rxe1+ 19. Rxe1 Rxf5 20. Qh4
Rf7 21. Ne4 Bxe4 22. Qxe4 Qc7 23. g3 Qc5 24. Re2 Qc6 25. Qxc6 dxc6 26. Kg2 Kf8
27. Re6 Rf6 28. Rxf6+ exf6 29. Kf3 Ke7 30. Ke4 Kd6 31. Kd4 c5+ 32. Kc4 Kc6 33.
f3 f5 34. f4 h6 35. h3 h5 36. h4 Kc7 37. Kd5 Kd7 38. Ke5 Ke7 39. Kd5 Kd7 40.
Ke5 Ke7 41. Kd5 Kd7 1/2-1/2

[Event "USCL San Francisco vs Seattle"]
[Site "Internet Chess Club"]
[Date "2006.11.15"]
[Round "12"]
[White "Lee, Michael"]
[Black "Shankland, Sam"]
[Result "0-1"]
[WhiteElo "2124"]
[BlackElo "2161"]
[PlyCount "98"]
[EventDate "2006.??.??"]

1. c4 e5 2. Nc3 Bb4 3. Nd5 Bc5 4. e3 Ne7 5. Ne2 O-O 6. d4 Nxd5 7. cxd5 exd4 8.
Nxd4 Qf6 9. Nb3 Bb6 10. Be2 d6 11. O-O Bf5 12. Nd2 Nd7 13. Nc4 Ne5 14. Nxb6
axb6 15. f3 Qg6 16. Kh1 Bd3 17. Bxd3 Qxd3 18. Kg1 f5 19. Qxd3 Nxd3 20. Rd1 Nc5
21. b4 Na4 22. Rd4 b5 23. h4 Nb6 24. Kf2 Rfe8 25. Kg3 Nc4 26. Kf4 Re5 27. a3 g6
28. Ra2 Re7 29. Rd3 Rae8 30. a4 Ra8 31. a5 Ra6 32. Re2 b6 33. axb6 Nxb6 34. Kg5
Re5 35. Rc2 Ra7 36. Rcd2 Ra8 37. f4 Re4 38. h5 Kf7 39. hxg6+ hxg6 40. Rc2 Rc4
41. Rxc4 bxc4 42. Rd1 Rh8 43. g4 Rh2 44. Rg1 Nxd5 45. gxf5 Rh5+ 46. Kg4 Nf6+
47. Kf3 gxf5 48. Rg2 c3 49. Ke2 Rh1 0-1

[Event "USCL San Francisco vs New York"]
[Site "Internet Chess Club"]
[Date "2006.11.29"]
[Round "13"]
[White "Zilberstein, Dmitry"]
[Black "Hess, Robert"]
[Result "0-1"]
[WhiteElo "2435"]
[BlackElo "2422"]
[PlyCount "132"]
[EventDate "2006.??.??"]

1. d4 Nf6 2. c4 e6 3. Nf3 Bb4+ 4. Bd2 Qe7 5. g3 Nc6 6. Nc3 O-O 7. Bg2 Bxc3 8.
Bxc3 Ne4 9. Rc1 a5 10. O-O Nxc3 11. Rxc3 d6 12. d5 Nb4 13. dxe6 fxe6 14. a3 Na6
15. Nd4 e5 16. Re3 c6 17. f4 Qc7 18. fxe5 Rxf1+ 19. Qxf1 dxe5 20. Nf3 Be6 21.
Nxe5 Qb6 22. Qc1 Rd8 23. Kh1 Nc5 24. Nd3 Qb3 25. Bf1 Nxd3 26. exd3 Bf5 27. Qc3
Qd1 28. Kg1 Rf8 29. Re7 Qg4 30. Be2 Qg5 31. Qe5 Qc1+ 32. Kg2 Qh6 33. g4 Qg6 34.
Qg3 Qf6 35. Qe3 Qg6 36. h3 h5 37. g5 Rd8 38. d4 Rxd4 39. Re8+ Kh7 40. Qxd4 Qxe8
41. Bf3 g6 42. b4 axb4 43. axb4 Qe7 44. Qf6 Qxb4 45. Qf7+ Kh8 46. Qf6+ Kg8 47.
Qd8+ Qf8 48. Qc7 Bxh3+ 49. Kg3 h4+ 50. Kxh3 Qxf3+ 51. Kxh4 Qh5+ 52. Kg3 Qxg5+
53. Kh3 Qf5+ 54. Kg3 Qf7 55. Qd8+ Kg7 56. Qd4+ Kf8 57. Qd6+ Qe7 58. Qxg6 Qe3+
59. Kg4 Qg1+ 60. Kf5 Qxg6+ 61. Kxg6 Ke7 62. Kf5 Kd6 63. Ke4 Kc5 64. Kd3 Kb4 65.
Kd4 b6 66. Kd3 c5 0-1

[Event "USCL Tiebreak San Francisco vs New York"]
[Site "Internet Chess Club"]
[Date "2006.11.29"]
[Round "13"]
[White "Herman, Matt"]
[Black "Shankland, Sam"]
[Result "1/2-1/2"]
[WhiteElo "2172"]
[BlackElo "2161"]
[PlyCount "170"]
[EventDate "2006.??.??"]

1. e4 c5 2. Nf3 Nc6 3. d4 cxd4 4. Nxd4 e5 5. Nb5 a6 6. Nd6+ Bxd6 7. Qxd6 Qf6 8.
Qd1 Qg6 9. Nc3 Nge7 10. h4 h5 11. Bg5 d5 12. Bd3 dxe4 13. Nxe4 Bf5 14. f3 Rd8
15. Qe2 f6 16. Bd2 Nd4 17. Qf2 Bxe4 18. fxe4 Qg4 19. Rh3 f5 20. exf5 e4 21. Be2
Nxe2 22. Qxe2 Qxe2+ 23. Kxe2 Nxf5 24. Bc3 O-O 25. Rg1 Nh6 26. Be1 Ng4 27. Rc3
Rc8 28. Rxc8 Rxc8 29. Bc3 b5 30. a3 Rf8 31. Bd4 Rf5 32. Rc1 Kf7 33. c4 bxc4 34.
Rxc4 g6 35. Be3 Re5 36. b4 Re6 37. Bd4 Rd6 38. a4 Nf6 39. Bxf6 Kxf6 40. Rxe4
Kf5 41. Rc4 Ke5 42. Ke3 Rb6 43. Re4+ Kd5 44. Rd4+ Ke5 45. Kd3 Rc6 46. Rc4 Rd6+
47. Kc3 Rf6 48. Rc8 Kd5 49. Rc5+ Kd6 50. Rc8 Kd5 51. Rc5+ Kd6 52. Rg5 Kc6 53.
g3 Re6 54. Kd4 Rd6+ 55. Kc4 Rf6 56. Kd4 Re6 57. Re5 Rf6 58. Ke4 Kd6 59. Ra5 Kd7
60. Rd5+ Kc6 61. b5+ axb5 62. axb5+ Kb6 63. Ke5 Rf5+ 64. Ke6 Rf1 65. Rg5 Rf3
66. Ke5 Rf8 67. Rxg6+ Kxb5 68. Rg5 Rh8 69. Kf6+ Kc4 70. Kg7 Ra8 71. Rxh5 Ra7+
72. Kf6 Kd4 73. Rg5 Ke4 74. h5 Ra6+ 75. Kg7 Ra7+ 76. Kh6 Ra6+ 77. Rg6 Ra7 78.
g4 Kf4 79. g5 Ra8 80. Rf6+ Kg4 81. Rb6 Rh8+ 82. Kg6 Rg8+ 83. Kf6 Kxh5 84. Rb1
Rg6+ 85. Kf7 Rxg5 1/2-1/2

[Event "USCL Tiebreak San Francisco vs New York"]
[Site "Internet Chess Club"]
[Date "2006.11.29"]
[Round "13"]
[White "Shankland, Sam"]
[Black "Herman, Matt"]
[Result "1-0"]
[WhiteElo "2161"]
[BlackElo "2172"]
[PlyCount "73"]
[EventDate "2006.??.??"]

1. e4 c5 2. Nf3 d6 3. d4 cxd4 4. Nxd4 Nf6 5. Nc3 a6 6. f4 Nbd7 7. a4 g6 8. Bc4
Bg7 9. O-O O-O 10. Kh1 Qc7 11. Qe2 Nxe4 12. Nd5 Qc5 13. Nb3 Qa7 14. Qxe4 e6 15.
Ne7+ Kh8 16. Nxc8 Raxc8 17. Bd3 Nf6 18. Qe2 Nd5 19. c3 Qb6 20. Nd2 Qc7 21. Ne4
Rce8 22. Bd2 f5 23. Ng5 e5 24. fxe5 dxe5 25. Bc4 Qc6 26. Bb3 e4 27. Bxd5 Qxd5
28. Be3 h6 29. Rfd1 Qc6 30. Nh3 g5 31. Qh5 f4 32. Bd4 f3 33. Nxg5 f2 34. Be3
Qc4 35. Rf1 Re5 36. Qh4 Qe2 37. Bd4 1-0

[Event "USCL Tiebreak San Francisco vs New York"]
[Site "Internet Chess Club"]
[Date "2006.11.29"]
[Round "13"]
[White "Hess, Robert"]
[Black "Shankland, Sam"]
[Result "1/2-1/2"]
[WhiteElo "2422"]
[BlackElo "2161"]
[PlyCount "144"]
[EventDate "2006.??.??"]

1. e4 c5 2. Nc3 Nc6 3. g3 g6 4. Bg2 Bg7 5. d3 d6 6. f4 e6 7. Nf3 Nge7 8. O-O
O-O 9. Be3 f5 10. Qd2 Nd4 11. Bf2 Nec6 12. Rae1 Bd7 13. Nxd4 cxd4 14. Nb5 Qe7
15. c3 dxc3 16. bxc3 a6 17. Na3 b5 18. exf5 gxf5 19. Nc2 Rac8 20. d4 Na5 21.
Ne3 Qf7 22. Bf3 Nc4 23. Nxc4 Rxc4 24. Re3 Rfc8 25. Rfe1 d5 26. Bxd5 exd5 27.
Re7 Qh5 28. Rxd7 Rxc3 29. Qe2 Qxe2 30. Rxe2 Rc1+ 31. Kg2 R1c2 32. Rd8+ Kf7 33.
Rd7+ Kf8 34. Rxc2 Rxc2 35. Rxd5 Rxa2 36. Kf3 Ra3+ 37. Ke2 Ra2+ 38. Kf3 Ra3+ 39.
Be3 Ke7 40. Ke2 Ra2+ 41. Bd2 b4 42. Kd3 b3 43. Bb4+ Ke6 44. Rd6+ Kf7 45. Rd7+
Kg6 46. Rb7 Rxh2 47. Rb6+ Kh5 48. Rb7 b2 49. Bc3 Rg2 50. Bxb2 Rxg3+ 51. Kc4 Bh6
52. Rxh7 Kg6 53. Ra7 Bxf4 54. Rxa6+ Kg5 55. d5 Rg2 56. Bd4 Rc2+ 57. Kd3 Rd2+
58. Kc3 Rd1 59. Ra8 Kg4 60. Rf8 Bc1 61. Kc4 Ba3 62. Ra8 Bd6 63. Ra6 Bc7 64. d6
Bxd6 65. Rxd6 f4 66. Kd5 f3 67. Rg6+ Kh3 68. Ke4 Rxd4+ 69. Kxd4 f2 70. Rh6+ Kg2
71. Rg6+ Kh2 72. Rf6 Kg2 1/2-1/2